000 00676nam a2200205 a 4500
999 _c487
_d487
008 190828s2012 ii ||||gd|||| 000 0 eng d
020 _a9788120346307
_cRs. 250.00
040 _aKO
_beng
041 0 _aeng
044 _aii
082 0 4 _223
_a425
_bM6875
100 1 _aMishra, J. K.
245 1 0 _aA Companion to Communication Skills in English :
_bA Practical Approach to Improving Pronunciation /
_cJ. K. Mishra
260 _aNew Delhi :
_bPHI Learning Private Limited,
_c2012
300 _axvii, 185 p. ;
_c24 cm +
_e1 CD-ROM
650 0 _aEnglish language
_xStudy and teaching
_vTextbooks
650 0 _aEnglish language
_xPronunciation
_vTextbooks
942 _cBK